<?xml version="1.0" encoding="UTF-8"?>
<collection xmlns="http://www.loc.gov/MARC21/slim">
  <record>
    <leader>00000nam  2200000   4500</leader>
    <controlfield tag="001">INLIS000000000018360</controlfield>
    <controlfield tag="005">20241107091507</controlfield>
    <datafield tag="035" ind1="#" ind2="#">
      <subfield code="a">0010-1124000026</subfield>
    </datafield>
    <controlfield tag="007">ta</controlfield>
    <controlfield tag="008">241107###########################0######</controlfield>
    <datafield tag="245" ind1="#" ind2="#">
      <subfield code="a">MATTAPI :</subfield>
      <subfield code="b">Mengatasi Tantangan Adaptasi Pembelajaran Inovatif /</subfield>
      <subfield code="c">A. Inayah Auliyah, M.Kom</subfield>
    </datafield>
    <datafield tag="260" ind1="#" ind2="#">
      <subfield code="a">Makassar :</subfield>
      <subfield code="b">Puslatbang KMP LAN RI,</subfield>
      <subfield code="c">2024</subfield>
    </datafield>
    <datafield tag="300" ind1="#" ind2="#">
      <subfield code="a">37 ;</subfield>
      <subfield code="c">30</subfield>
    </datafield>
    <datafield tag="650" ind1="#" ind2="4">
      <subfield code="a">Peningkatan kualitas pembelajaran</subfield>
    </datafield>
    <datafield tag="700" ind1=" " ind2="#">
      <subfield code="a">Prof. Dr. Eng. Intan Sari Areni, S.T., M.T., IPU (Mentor)</subfield>
    </datafield>
    <datafield tag="700" ind1=" " ind2="#">
      <subfield code="a">Andi Wahyudin, S.E., M.Si (Coach)</subfield>
    </datafield>
    <datafield tag="520" ind1="#" ind2="#">
      <subfield code="a">Rancangan aktualisasi yang disusun dalam laporan ini merupakan salah satu bagian penting dari proses pelatihan LATSAR. Proses aktualisasi ini bertujuan untuk menerapkan nilai- nilai dasar ASN dan mengimplementasikan pengetahuan serta keterampilan yang telah diperoleh selama masa pelatihan ke dalam tugas sehari-hari di instansi tempat kita bertugas. Dengan demikian, proses ini diharapkan dapat membantu kita dalam meningkatkan. kinerja dan memberikan kontribusi yang nyata dalam mencapai tujuan organisasi.&#13;
&#13;
Berangkat dari permasalahan Seiring perkembangan teknologi informasi dan kebutuhan industri yang semakin dinamis, program studi Sistem Informasi di perguruan tinggi harus terus beradaptasi untuk menghasilkan lulusan yang kompeten dan relevan.&#13;
&#13;
Salah satu tantangan utama yang dihadapi adalah perumusan Rencana Pembelajaran Semester (RPS) yang sesuai dengan format baru, terutama untuk mata kuliah yang belum memiliki RPS dan mata kuliah baru yang perlu disesuaikan dengan kurikulum terkini. RPS berperan penting sebagai panduan dalam proses pembelajaran yang efektif, sehingga harus mencakup materi-materi yang relevan dan mampu menjawab kebutuhan dunia kerja di era digital.&#13;
&#13;
Oleh karena itu, laporan aktualisasi ini bertujuan untuk membahas langkah- langkah yang telah dan akan diambil dalam mengatasi tantangan terkait pembaruan format, materi, dan pembuatan RPS di program studi Sistem Informasi. Hal ini mencakup proses analisis kurikulum yang sedang berjalan, identifikasi kebutuhan materi ajar yang relevan, serta pengembangan RPS baru yang disesuaikan dengan standar akademik dan industri. Laporan ini juga akan memaparkan pendekatan inovatif yang diterapkan untuk memastikan bahwa RPS yang dirancang mampu mendorong proses pembelajaran yang lebih kreatif dan efisien</subfield>
    </datafield>
    <datafield tag="856" ind1="#" ind2="#">
      <subfield code="a">Puslatbang KMP LAN</subfield>
    </datafield>
  </record>
</collection>
